Catalog

Record Details

Catalog Search



Spaces : room layout for early childhood education Cover Image Book Book

Spaces : room layout for early childhood education

Record details

  • Physical Description: 16 stran :  ilustrace ; 28 cm
  • Publisher: [Robertsbridge] : Community Playthings, [2000?]

Available copies

  • 1 of 1 copy available at Common Catalog SPOK.

Holds

  • 0 current holds with 1 total copy.
Show Only Available Copies
Location Call Number / Copy Notes Barcode Shelving Location Status Due Date
Montessori Library KNI0334 4614600334 Chodba Available -

LDR nam a22 i 4500
00146816
003CZ-PrJAB
00520200728075314.0
007ta
008 s2000 xxu e 000 0 eng
040 . ‡aABG312 ‡bcze ‡erda
24500. ‡aSpaces : ‡broom layout for early childhood education
264 1. ‡a [Robertsbridge] : ‡bCommunity Playthings, ‡c[2000?]
300 . ‡a16 stran :  ‡bilustrace ; ‡c28 cm
336 . ‡atext ‡btxt ‡2rdacontent
338 . ‡asvazek ‡bnc ‡2rdacarrier
6530 . ‡aděti ‡avzdělávání ‡auspořádání prostoru
910 . ‡aABG323
901 . ‡a46816 ‡b ‡c46816 ‡tbiblio

Additional Resources